Central Library and Information Centre
Sibsagar Girls' College, Sivasagar : Assam

INTERNATIONAL RELATIONS (Record no. 2745)

MARC details
000 -LEADER
fixed length control field 00405cam a2200169ua 4500
008 - FIXED-LENGTH DATA ELEMENTS--GENERAL INFORMATION
fixed length control field 131128n1986 II |||gr||||Z||||||eng
040 ## - CATALOGING SOURCE
Original cataloging agency MAIN
041 ## - LANGUAGE CODE
-- English
082 ## - DEWEY DECIMAL CLASSIFICATION NUMBER
Classification number 327 RAO
100 ## - MAIN ENTRY--PERSONAL NAME
Personal name RAO, A. NARASIMHA.
245 ## - TITLE STATEMENT
Title INTERNATIONAL RELATIONS
260 ## - PUBLICATION, DISTRIBUTION, ETC.
Place of publication, distribution, etc. NEW DELHI
Name of publisher, distributor, etc. STERLING PUBLISHERS
Date of publication, distribution, etc. 1986
300 ## - PHYSICAL DESCRIPTION
Extent 232:
Dimensions 20CM.
942 ## - ADDED ENTRY ELEMENTS (KOHA)
Koha item type Books
653 ## - INDEX TERM--UNCONTROLLED
Uncontrolled term International relations
Holdings
Withdrawn status Lost status Damaged status Not for loan Collection code Home library Current library Shelving location Date acquired Full call number Barcode Date last seen Copy number Price effective from Koha item type
        TBPSC Central Library and Information Centre Sibsagar Girls College Central Library and Information Centre Sibsagar Girls College Political Science Rack 11.09.1989 327 RAO 10913 27.02.2020 1 27.02.2020 Books


Sibsagar Girl's College © 2020. All rights reserved.
Powered by Koha.
Maintained by Abhijit Borpuzari.